Botánica pintoresca
Shranjeno v:
| Glavni avtor: | |
|---|---|
| Format: | Knjiga |
| Jezik: | španščina |
| Izdano: |
Barcelona
Sopena
1969
|
| Serija: | Biblioteca Hispania
|
| Teme: | |
| Oznake: |
Označite
Brez oznak, prvi označite!
|
MARC
| LEADER | 00000nam a2200000 a 4500 | ||
|---|---|---|---|
| 001 | UCQ2688 | ||
| 003 | CL-VaPUC | ||
| 008 | 980724e19690000SP |||||||||||||||||spa|d | ||
| 082 | 0 | 4 | |a 581 |b FON |2 21 |
| 100 | 0 | |a Font Quer, P |e author |9 416727 | |
| 245 | 1 | 0 | |a Botánica pintoresca |
| 300 | |a 719 p | ||
| 942 | |c BK | ||
| 945 | |d 19980724 00:00:00 |a mvenant | ||
| 260 | |a Barcelona |b Sopena |c 1969 | ||
| 650 | 0 | |a Botánica |9 264202 | |
| 650 | 0 | |a Plantas |9 264555 | |
| 650 | 0 | |a Morfología |9 334440 | |
| 650 | 0 | |a Citología |9 261432 | |
| 650 | 0 | |a Histología |9 264868 | |
| 650 | 7 | |a FISIOLOGIA |2 CL-VaPUC |9 416728 | |
| 650 | 7 | |a CIANOFITOS |2 CL-VaPUC |9 416729 | |
| 583 | |a last modification |c 19980724 00:00:00 |k Rodrigo Vera | ||
| 490 | 0 | |a Biblioteca Hispania | |
| 999 | |c 273466 |d 273464 | ||